00330 a2200097 4500001001000000005001700010008004100027245006800068100002500136773007100161ART_1166420260410161859.0260409a 10aPublic investment criteria, insurance markets, and income taxes1 aSchmalensee, Richard0 tJournal of public economicsg- Vol. 6, NÂș 4 (nov. 1976)wREV11485